Comparative QSAR /

Bibliographic Details
Other Authors: Devillers, James, 1956-
Format: Book
Language:English
Published: Washington, DC : Taylor & Francis, [1998]
Subjects:

MARC

Tag First Indicator Second Indicator Subfields
LEADER 00000cam a2200000 a 4500
001 in00001406085
005 20151020072409.0
008 970619s1998 dcua b 001 0 eng
010 |a  97018160  
020 |a 1560327162 (alk. paper) 
035 |a (OCoLC)37211072 
035 |9 AHQ2823AM 
040 |a DLC  |c DLC  |d TXA  |d UtOrBLW 
049 |a TXAM 
050 0 0 |a QP517.S85  |b C65 1998 
082 0 0 |a 572/.072  |2 21 
245 0 0 |a Comparative QSAR /  |c edited by James Devillers. 
264 1 |a Washington, DC :  |b Taylor & Francis,  |c [1998] 
264 4 |c ©1998 
300 |a ix, 371 pages :  |b illustrations ;  |c 24 cm. 
336 |a text  |b txt  |2 rdacontent 
337 |a unmediated  |b n  |2 rdamedia 
338 |a volume  |b nc  |2 rdacarrier 
504 |a Includes bibliographical references and index. 
650 0 |a QSAR (Biochemistry) 
700 1 |a Devillers, James,  |d 1956- 
948 |a c:cer 
999 |a MARS 
999 f f |s 1f885508-1df6-33b3-bc3e-75df5e8a6f5a  |i 3d5fe6ea-2b68-3f14-9434-fd5b24e376d7  |t 0 
952 f f |p ric  |a Texas A&M University  |b Rellis Campus  |c Joint Library Facility  |d Remote Storage  |t 0  |e QP517.S85 C65 1998  |h Library of Congress classification  |i unmediated -- volume  |m A14822564043 
998 f f |a QP517.S85 C65 1998  |t 0  |l Remote Storage